Statistics for Biggest cities KFZ registrations (Germany edition)

Click here to take the quiz!

General Stats

  • This quiz has been taken 62 times
    (60 since last reset)
  • The average score is 38 of 50

Answer Stats

HintAnswer% Correct
BBerlin
100%
HHHamburg
98%
DDüsseldorf
96%
EEssen
96%
FFrankfurt
94%
HHannover
94%
DODortmund
92%
ACAachen
91%
AAugsburg
91%
JJena
89%
KKöln
89%
HBBremen
87%
HALHalle
87%
Würzburg
87%
LLeipzig
85%
MMünchen
85%
SStuttgart
85%
NNürnberg
83%
ULUlm
83%
BIBielefeld
81%
OSOsnabrück
81%
DDDresden
79%
DUDuisburg
79%
MZMainz
79%
Fürth
77%
BNBonn
75%
DADarmstadt
75%
KIKiel
75%
PPotsdam
75%
CChemnitz
74%
EFErfurt
74%
FRFreiburg
74%
KAKarlsruhe
74%
WIWiesbaden
74%
HDHeidelberg
72%
WOBWolfsburg
72%
RRegensburg
70%
TRTrier
70%
ZZwickau
70%
MDMagdeburg
68%
KSKassel
66%
WWuppertal
66%
MAMannheim
64%
GGera
62%
FDFulda
58%
MSMünster
58%
BSBraunschweig
55%
HNHeilbronn
55%
CBCottbus
51%
KNKonstanz
30%

Score Distribution

Percentile by Number Answered

Percent of People with Each Score

Your Score History

You have not taken this quiz since the last reset